| 000 | 01007nam a2200229Ia 4500 | ||
|---|---|---|---|
| 001 | 270.8-ZAM an co (11673) | ||
| 003 | IT-MiSPE | ||
| 008 | 171229s9999||||xx |||||||||||||| ||und|| | ||
| 040 |
_aIT-MiSPE _cIT-MiSPE |
||
| 041 | _aITALIANO | ||
| 100 | _aAnnibale Zambarbieri | ||
| 245 | 0 | _aI concili del Vaticano | |
| 250 | _a1a ed. (v) | ||
| 260 |
_aCinisello B.mo _bSan Paolo _c1995 |
||
| 300 |
_a406 p. _c21 cm |
||
| 490 |
_aStoria della Chiesa: Saggi _v10 |
||
| 500 | _aVaticano I; Vaticano II | ||
| 501 | _aEdizioni San Paolo srl - Piazza Soncino, 5 - 20092 CINISELLO BALSAMO (MI) (non commercial uses only) ® Copyright 2018 | ||
| 942 | _cBK | ||
| 957 | _71 | ||
| 999 |
_a15414 _bNO _g Copie: 1 _c347338 _d347338 |
||